000 00244nam a2200097Ia 4500
005 20251222114414.0
008 251222s1900||||xx |||||||||||||| ||spa||
082 _aDVD0070/W42T/2006
245 4 _aThe Truman Show: historia de una vida:
942 _cDVD
999 _c2154
_d2154